000 00686nam a2200217 i 4500
001 57587
003 ES-MaACL
005 20260210161949.0
007 t|
008 031017s1953 sp ||||1| spa d
100 1 _aDomínguez García Tejero, Francisco.
_945213
245 1 0 _aTopografía general y agrícola /
_cFrancisco Domínguez García Tejero.
250 _a[1ª ed.].
260 _aBarcelona :
_bSalvat,
_c1953 (
_fHispano-Americana)
300 _aXVI, 628 p. ;
_c22 cm.
490 1 _aColección agrícola Salvat
830 0 _aColección agrícola Salvat
_9181203
852 _aES-MaACL
_jD-8751
_bR.34192
852 _aES-MaACL
_jB-955
_bR.35425
999 _c57587
_d57587